| 000 | 00635nam a2200241Ia 4500 | ||
|---|---|---|---|
| 005 | 20240228092738.0 | ||
| 008 | 131103s9999 xx 000 0 und d | ||
| 040 | _aLoreto College | ||
| 041 | _aEnglish | ||
| 082 |
_a370.954 _bNAI |
||
| 100 | _aNaik,J.P. | ||
| 245 |
_aEducation in the Fourth Plan, _cJ.P.Naik |
||
| 250 | _a review and perspective | ||
| 260 |
_aBombay _bNachiketa Publications _c1968 |
||
| 300 | _a122 p. | ||
| 440 | _aIndian Committee For Cultural Freedom | ||
| 504 | _aIncludes appendix | ||
| 630 | _aIndia - Education | ||
| 650 | _aEducation | ||
| 651 | _aIndia | ||
| 850 | _aLCLIB | ||
| 942 | _cBK | ||
| 999 |
_c9172 _d59651 |
||